000 00323nam a22001337a 4500
008 170926b xxu||||| |||| 00| 0 eng d
020 _a9781133942733
041 _aeng
080 _22ND
_a37
100 _a46
101 _aEDU
245 _aMINDSCAPES CRITICALREADING SKILLS AND STRATEGIES
_cCARTER,CH,E
942 _2udc
_cBK
999 _c29995
_d29995